50 új gépet szerelnek fel a Kiskundorozsmai Pamutszövőben jelentősen emelkedik a termelés
Elmentve itt :
| Dokumentumtípus: | Cikk |
|---|---|
| Megjelent: |
1961-11-03
|
| Sorozat: | Délmagyarország
|
| Kulcsszavak: | Ipari termelés Szeged 1961, Iparosítás Szeged 1961 |
| Online Access: | http://dmarchiv.bibl.u-szeged.hu/55073 |
| LEADER | 00496nab a2200145 i 4500 | ||
|---|---|---|---|
| 001 | delm55073 | ||
| 005 | 20180927141856.0 | ||
| 008 | 180927s1961 hu o 0|| hun d | ||
| 040 | |a SZTE Délmagyarország Archívum |b hun | ||
| 041 | |a hun | ||
| 245 | 0 | 0 | |a 50 új gépet szerelnek fel a Kiskundorozsmai Pamutszövőben |h [elektronikus dokumentum] : |b jelentősen emelkedik a termelés |
| 260 | |c 1961-11-03 | ||
| 300 | |a 1 | ||
| 490 | 0 | |a Délmagyarország | |
| 695 | |a Ipari termelés Szeged 1961, Iparosítás Szeged 1961 | ||